| 000 | 00505nam a2200205Ia 4500 | ||
|---|---|---|---|
| 003 | OSt | ||
| 005 | 20230504093603.0 | ||
| 008 | 210423s1998 xx 000 0 und d | ||
| 020 | _a8123805750 | ||
| 040 | _cAL | ||
| 041 | _aeng | ||
| 082 | _a660.6 PRAA | ||
| 100 |
_aPRAKASH (Anil),Ed. _997408 |
||
| 245 | _aFungi in biotechnology. | ||
| 260 |
_aNew Delhi _bCambridge University Press _c1998 |
||
| 300 |
_axi,256 _bPB |
||
| 365 |
_b795 _cINR |
||
| 906 | _abiotechnology. ; Fungi | ||
| 942 |
_2ddc _cBK |
||
| 999 |
_c163181 _d163181 |
||